000 00333nam a22001457a 4500
020 _a978-1-292-34088-3
082 _a658
100 _aRobbins, Stephen P.
245 _aManagement
250 _a15th
260 _aHarlow:
_bPearson,
_c2021
300 _a618p.: ill.; 28cm
700 _aCoulter, Marry & Randel, Amy
942 _cBK
999 _c22154
_d22154